| 000 | 00624cam a22002052 4500 | ||
|---|---|---|---|
| 001 | 0000021542 | ||
| 005 | 20151217152235.0 | ||
| 008 | 120719s xx 000 0 eng d | ||
| 020 | _a0875522629 : | ||
| 040 |
_aKABU _cKABU |
||
| 100 | 1 |
_aFrame, John M. _@0000159380 |
|
| 245 | 1 | 4 |
_aThe Doctrine of the knowledge of God / _cJohn M. Frame. |
| 260 |
_aPhillipsburg, NJ. : _bP & R, _c1987. |
||
| 300 | _axviii, 437 p. | ||
| 650 | 0 |
_aApologetics _y20th century. _@0000148816 |
|
| 650 | 0 |
_aGod _xKnowableness. _@0000149379 |
|
| 852 | 1 | _9p1000 KES | |
| 908 | _a120719 | ||
| 950 | _@1 | ||
| 999 |
_c9714 _d9714 |
||